Investing in residential real estate : a guide to increasing your income & profit

Bibliographic Details
Main Author: Lyons, Paul J. (Author)
Format: Book
Language:English
Published: Virginia : Reston Publishing Company, Inc. 1981
Subjects:

MARC

LEADER 00000cam a2200000 7i4500
001 0000001013
005 20240912.0
008 240610 vau a eng
020 |a 0835933040 (hardback) 
040 |a INS   |b eng   |e rda 
090 0 0 |a RHD1382.5   |b .L96 1981 
100 1 |a Lyons, Paul J. ,   |e author 
245 1 0 |a Investing in residential real estate :   |b a guide to increasing your income & profit   |c Paul J. Lyons 
264 1 |a Virginia :   |b Reston Publishing Company, Inc.   |c 1981 
264 4 |c ©1981 
300 |a xvii, 236 pages :   |b illustrations ;   |c 24 cm. 
336 |a text  |2 rdacontent 
337 |a unmediated  |2 rdamedia 
338 |a volume  |2 rdacarrier 
500 |a Includes index 
650 0 |a Real estate investment 
650 0 |a Rental housing 
999 |a 0000000331   |b BOOK   |c Red Spot   |e Default branch